000 00409pab a2200157 454500
008 180718b2003 xxu||||| |||| 00| 0 eng d
100 _aJamwal, N.S.
245 _aTerrorists' modus operandi in Jammu and Kashmir
260 _c2003
300 _ap.382-403.
362 _aJul-Sep
650 _aTerrorism - India - Jammu and Kashmir
650 _aTerrorism
773 _aStrategic Analysis
909 _a58893
999 _c58893
_d58893